Sports Quiz

Random Sports or Basketball Quiz

NBA Top 10 tallest and shortest Quiz Stats

 Plays Quiz not verified by Sporcle

Challenge
Share
Tweet
Embed
Score 0/20 Timer 05:00
0 Plays Today
Height Player % Correct
7'6'Yao Ming
86%
7'7'Manute Bol
75.9%
7'6'Shawn Bradley
61.2%
5'3'Tyrone 'Muggsy' Bogues
54%
5'7'Anthony 'Spud' Webb
47.8%
5'8'Nate Robinson
47.5%
5'5'Earl Boykins
43.9%
7'7'George Muresan
42.4%
7'4'Mark Eaton
25.5%
7'4'Rik Smits
18.7%
Height Player % Correct
7'4'Ralph Sampson
18%
5'10'Avery Johnson
10.1%
5'9'Calvin Murphy
7.2%
5'10'Michael Adams
5.8%
5'10'Damon Stoudamire
5.4%
7'5'Chuck Nevitt
5%
7'5'Slavko Vranes
4.7%
5'11'Terrell Brandon
4.7%
7'4'Priest Lauderdale
2.9%
5'7'Wataru Misaka
1.4%

You're not logged in!

Compare scores with friends on all Sporcle quizzes.
Join for Free
OR
Log In

You Might Also Like...

Show Comments

Extras

Top Quizzes Today


Score Distribution

Your Account Isn't Verified!

In order to create a playlist on Sporcle, you need to verify the email address you used during registration. Go to your Sporcle Settings to finish the process.

Report this User

Report this user for behavior that violates our Community Guidelines.

Details: